The Chief Executive /

Bibliographic Details
Main Author: Koenig, Louis William, 1916-
Format: Book
Language:English
Published: New York : Harcourt, Brace & World, [1964]
Subjects:

MARC

Tag First Indicator Second Indicator Subfields
LEADER 00000cam a22000001 4500
001 in00000080604
005 20151008052947.0
008 711207s1964 nyua b 00010 eng
010 |a  64007524  
035 |a (OCoLC)00499184 
035 |9 AAH5624AM 
040 |a DLC  |c DLC  |d TXA  |d UtOrBLW 
043 |a n-us--- 
049 |a TXAM  |c [413136] 
050 0 0 |a JK516  |b .K6 
082 0 |a 353.03 
092 |a 353.03  |b K78c 
100 1 |a Koenig, Louis William,  |d 1916- 
245 1 4 |a The Chief Executive /  |c [by] Louis W. Koenig. 
264 1 |a New York :  |b Harcourt, Brace & World,  |c [1964] 
300 |a 435 pages :  |b illustrations ;  |c 24 cm. 
336 |a text  |b txt  |2 rdacontent 
337 |a unmediated  |b n  |2 rdamedia 
338 |a volume  |b nc  |2 rdacarrier 
504 |a Bibliography: pages [417]-421. 
650 0 |a Presidents  |z United States. 
999 |a MARS 
999 f f |s dae784ff-2bf6-3843-8318-796c3e27aefa  |i 73fb51c2-a4cc-3153-81d2-0bcc712c4c1f  |t 0 
952 f f |p ric  |a Texas A&M University  |b Rellis Campus  |c Joint Library Facility  |d Remote Storage  |t 0  |e JK516 .K6  |h Library of Congress classification  |i unmediated -- volume  |m A14800799606 
998 f f |a JK516 .K6  |t 0  |l Remote Storage